000 00460nam a2200169Ia 4500
008 090711s9999 xx 000 0 und d
082 _b40716
100 _aगोगटे शकुंतला
245 _aअभिमान
260 _c1979
300 _a84
600 _aगोगटे शकुंतला
630 _aअभिमान
700 _aगोगटे शकुंतला
730 _aअभिमान
942 _cBOOK
999 _c300197
_d300197